[Event "Kirov Chudinovskikh Memoriail-A 4th"]
[Site "Kirov"]
[Date "2017.08.07"]
[Round "6"]
[White "Krysov, Daniil"]
[Black "Bikuzhin, Maksim"]
[Result "1/2-1/2"]
[WhiteElo "1907"]
[BlackElo "2244"]
[PlyCount "91"]
[EventDate "2017.07.28"]
[EventType "swiss"]
[EventRounds "9"]
[EventCountry "RUS"]
[SourceTitle "EXT 2018"]
[Source "ChessBase"]
[SourceDate "2017.10.13"]
[SourceVersion "1"]
[SourceVersionDate "2017.10.13"]
[SourceQuality "1"]

1. d4 Nf6 2. g3 d6 3. Bg2 Nbd7 4. b3 e5 5. Bb2 c6 6. Nd2 exd4 7. Bxd4 d5 8. e3 Be7 9. Ne2 0-0 10. 0-0 c5 11. Bb2 Nb6 12. Nf4 Bg4 13. Bf3 Bxf3 14. Qxf3 Qc7 15. c4 Rad8 16. Rac1 dxc4 17. Nxc4 Nbd5 18. Rfd1 Nxf4 19. exf4 Rxd1+ 20. Rxd1 Rd8 21. Rxd8+ Bxd8 22. Be5 Qe7 23. Nd6 Bb6 24. Qxb7 Qxb7 25. Nxb7 Nd7 26. a4 a6 27. Bd6 a5 28. Be5 Nxe5 29. fxe5 Kf8 30. Nd6 Bc7 31. Nc4 Ke7 32. f4 f6 33. Kf2 fxe5 34. fxe5 Ke6 35. Ke2 h5 36. Kf3 Kf5 37. h3 g6 38. g4+ hxg4+ 39. hxg4+ Ke6 40. Kf4 Bd8 41. Ke4 Bc7 42. Nd6 Bxd6 43. exd6 Kxd6 44. Kf4 Ke6 45. Kg5 Kf7 46. Kf4 1/2-1/2

[Event "Moscow op-A"]
[Site "Moscow"]
[Date "2016.02.01"]
[Round "3"]
[White "Bikuzhin, Maksim"]
[Black "Khanin, Semen"]
[Result "0-1"]
[WhiteElo "2301"]
[BlackElo "2393"]
[PlyCount "78"]
[EventDate "2016.01.30"]
[EventType "swiss"]
[EventRounds "9"]
[EventCountry "RUS"]
[SourceTitle "CBM 170 Extra"]
[Source "ChessBase"]
[SourceDate "2016.02.25"]
[SourceVersion "1"]
[SourceVersionDate "2016.02.25"]
[SourceQuality "1"]

1. e4 e5 2. Nf3 Nc6 3. Bc4 Bc5 4. c3 Nf6 5. d4 exd4 6. e5 d5 7. Be2 Ne4 8. cxd4 Bb4+ 9. Bd2 Be7 10. 0-0 Be6 11. Be3 f6 12. Nbd2 0-0 13. Bb5 f5 14. Nb3 f4 15. Bd2 Nb8 16. Rc1 c6 17. Be2 Nd7 18. Ne1 a5 19. Nd3 g5 20. Bc3 a4 21. Nd2 Bf5 22. f3 Nxc3 23. bxc3 b5 24. Rf2 Qb6 25. Rb1 c5 26. c4 dxc4 27. Nxc4 Qc6 28. d5 Qxd5 29. Rxb5 Qxc4 30. Nxc5 Qc3 31. Nxd7 Rad8 32. Qd5+ Kh8 33. e6 Qe1+ 34. Bf1 Bxe6 35. Qe5+ Qxe5 36. Nxe5 Rd1 37. Rc2 Rc8 38. Rxc8+ Bxc8 39. Nd3 Ba6 0-1

[Event "Moscow op-A"]
[Site "Moscow"]
[Date "2015.02.06"]
[Round "7"]
[White "Bikuzhin, Maksim"]
[Black "Savenkov, Konstantin"]
[Result "1-0"]
[WhiteElo "2241"]
[BlackElo "2363"]
[PlyCount "77"]
[EventDate "2015.01.31"]
[EventType "swiss"]
[EventRounds "9"]
[EventCountry "RUS"]
[SourceTitle "CBM 164 Extra"]
[Source "ChessBase"]
[SourceDate "2015.03.02"]
[SourceVersion "1"]
[SourceVersionDate "2015.03.02"]
[SourceQuality "1"]

1. e4 e6 2. d3 d5 3. Nd2 Nf6 4. Ngf3 b6 5. c3 c5 6. Qa4+ Qd7 7. Qc2 Qc7 8. Be2 g6 9. 0-0 Bg7 10. Re1 0-0 11. b3 Bb7 12. Bb2 Nc6 13. a3 Rac8 14. Rac1 b5 15. Bf1 dxe4 16. dxe4 a6 17. a4 Qb6 18. Rcd1 Rfd8 19. Qb1 Rc7 20. axb5 axb5 21. e5 Ng4 22. c4 Rcd7 23. cxb5 c4 24. Re2 Ncxe5 25. Nxe5 Bxe5 26. Bxe5 Nxe5 27. bxc4 Qc7 28. b6 Qb8 29. Qb5 Nc6 30. Qb2 Nd4 31. Ree1 Qf4 32. Ra1 Nf5 33. Nb3 Nh4 34. Re3 Nf5 35. Qe5 Qg5 36. Nc5 Bxg2 37. Rg3 Qh5 38. Nxd7 Bxf1 39. Nf6+ 1-0

[Event "Moscow op-A"]
[Site "Moscow"]
[Date "2015.02.02"]
[Round "3"]
[White "Bikuzhin, Maksim"]
[Black "Dovletov, Hajugurban"]
[Result "1-0"]
[WhiteElo "2241"]
[BlackElo "2097"]
[PlyCount "63"]
[EventDate "2015.01.31"]
[EventType "swiss"]
[EventRounds "9"]
[EventCountry "RUS"]
[SourceTitle "CBM 164 Extra"]
[Source "ChessBase"]
[SourceDate "2015.03.02"]
[SourceVersion "1"]
[SourceVersionDate "2015.03.02"]
[SourceQuality "1"]

1. e4 c5 2. c3 Nf6 3. e5 Nd5 4. d4 cxd4 5. Nf3 Nc6 6. cxd4 d6 7. Bc4 Nb6 8. Bb5 Bd7 9. Nc3 e6 10. 0-0 dxe5 11. dxe5 Be7 12. a3 0-0 13. Qe2 Na5 14. Bd3 Bc6 15. Bf4 Nd5 16. Nxd5 Bxd5 17. Rfd1 Nb3 18. Rab1 Qb6 19. Ng5 h6 20. Nh7 Rfd8 21. Qg4 Kh8 22. Qh5 Nc5 23. Bxh6 Nxd3 24. Be3 Nf4 25. Bxf4 Kg8 26. Ng5 Bxg5 27. Bxg5 Rd7 28. Bf6 gxf6 29. exf6 Qc5 30. Qg5+ Kf8 31. Rbc1 Qd6 32. Rxd5 1-0

[Event "Kirov Shakhov Memorial-A 2nd"]
[Site "Kirov"]
[Date "2014.12.28"]
[Round "3"]
[White "Vlasenko, Miroslav"]
[Black "Bikuzhin, Maksim"]
[Result "1-0"]
[WhiteElo "2408"]
[BlackElo "2241"]
[PlyCount "63"]
[EventDate "2014.12.27"]
[EventType "tourn"]
[EventRounds "9"]
[EventCountry "RUS"]
[SourceTitle "CBM 164 Extra"]
[Source "ChessBase"]
[SourceDate "2015.03.02"]
[SourceVersion "1"]
[SourceVersionDate "2015.03.02"]
[SourceQuality "1"]

1. d4 Nf6 2. c4 d6 3. Nc3 Nbd7 4. e4 e5 5. Nge2 Be7 6. d5 Nc5 7. Ng3 a5 8. Be2 c6 9. Be3 Qc7 10. 0-0 0-0 11. Rc1 Bd7 12. f3 g6 13. Qd2 Ne8 14. Rfd1 Rd8 15. b3 Bc8 16. Rb1 Ng7 17. a3 f5 18. exf5 gxf5 19. Bf2 Nd7 20. b4 axb4 21. axb4 Nf6 22. Na4 Rde8 23. Nb6 Nfh5 24. c5 Nxg3 25. hxg3 Rf6 26. Nc4 cxd5 27. cxd6 Bxd6 28. Qxd5+ Ree6 29. Nxd6 Qxd6 30. Qb3 Qf8 31. Bc4 Kh8 32. Bxe6 1-0

[Event "Kirov Arakelian Memorial-A 4th"]
[Site "Kirov"]
[Date "2014.05.02"]
[Round "4"]
[White "Bikuzhin, Maksim"]
[Black "Vlasenko, Miroslav"]
[Result "0-1"]
[WhiteElo "2219"]
[BlackElo "2412"]
[PlyCount "76"]
[EventDate "2014.04.30"]
[EventType "tourn"]
[EventRounds "9"]
[EventCountry "RUS"]
[EventCategory "1"]
[SourceTitle "CBM 160 Extra"]
[Source "ChessBase"]
[SourceDate "2014.07.01"]
[SourceVersion "1"]
[SourceVersionDate "2014.07.01"]
[SourceQuality "1"]

1. e4 Nc6 2. Nf3 e6 3. d4 d5 4. Nc3 Nf6 5. Bg5 Be7 6. Bxf6 Bxf6 7. e5 Be7 8. Bb5 Qd7 9. 0-0 a6 10. Ba4 b5 11. Bb3 Na5 12. Ne2 Nc4 13. Qc1 Bb7 14. a4 b4 15. c3 c5 16. dxc5 Bxc5 17. cxb4 Bxb4 18. Bxc4 dxc4 19. Qxc4 Qe7 20. Qg4 0-0 21. Nf4 f5 22. exf6 Rxf6 23. Ne5 Rf5 24. Ned3 Bd2 25. Rfd1 h5 26. Qg3 Rg5 27. Qh3 Bxf4 28. Nxf4 Rf8 29. Qe3 Qf6 30. Rd7 Ba8 31. Rad1 Qxf4 32. Qxf4 Rxg2+ 33. Kf1 Rxf4 34. Rd8+ Kh7 35. Rxa8 Rfxf2+ 36. Ke1 Rxb2 37. Kf1 Rxh2 38. Kg1 h4 0-1

[Event "Kirov Arakelian Memorial-A 4th"]
[Site "Kirov"]
[Date "2014.05.01"]
[Round "2"]
[White "Bikuzhin, Maksim"]
[Black "Timerkhanov, Alexander"]
[Result "1-0"]
[WhiteElo "2219"]
[BlackElo "2108"]
[PlyCount "63"]
[EventDate "2014.04.30"]
[EventType "tourn"]
[EventRounds "9"]
[EventCountry "RUS"]
[EventCategory "1"]
[SourceTitle "CBM 160 Extra"]
[Source "ChessBase"]
[SourceDate "2014.07.01"]
[SourceVersion "1"]
[SourceVersionDate "2014.07.01"]
[SourceQuality "1"]

1. e4 c5 2. Nc3 Nc6 3. f4 g6 4. Nf3 Bg7 5. Bb5 Nd4 6. 0-0 a6 7. Bd3 d6 8. Nxd4 Bxd4+ 9. Kh1 Bg7 10. Qf3 e6 11. f5 Qe7 12. Bc4 Be5 13. d3 h5 14. fxg6 fxg6 15. Bf4 Bxf4 16. Qxf4 g5 17. Qe3 Nh6 18. d4 Ng4 19. Qd2 Qg7 20. dxc5 Qe5 21. Qxd6 Qxd6 22. cxd6 Ne3 23. Bb3 Nxf1 24. Rxf1 Rf8 25. Rxf8+ Kxf8 26. e5 Kf7 27. Na4 Kg6 28. Nb6 Rb8 29. Kg1 Kf5 30. Kf2 Ke4 31. Ke2 Bd7 32. Nxd7 1-0

[Event "Kirov Arakelian Memorial-A 4th"]
[Site "Kirov"]
[Date "2014.04.30"]
[Round "1"]
[White "Tsyhanchuk, Stanislav"]
[Black "Bikuzhin, Maksim"]
[Result "1/2-1/2"]
[WhiteElo "2389"]
[BlackElo "2219"]
[PlyCount "56"]
[EventDate "2014.04.30"]
[EventType "tourn"]
[EventRounds "9"]
[EventCountry "RUS"]
[EventCategory "1"]
[SourceTitle "CBM 160 Extra"]
[Source "ChessBase"]
[SourceDate "2014.07.01"]
[SourceVersion "1"]
[SourceVersionDate "2014.07.01"]
[SourceQuality "1"]

1. d4 Nf6 2. g3 d6 3. Bg2 c6 4. e4 e5 5. Ne2 Be7 6. a4 a5 7. h3 Na6 8. Be3 0-0 9. 0-0 d5 10. dxe5 Nxe4 11. c4 Bc5 12. cxd5 cxd5 13. Bxc5 Naxc5 14. Nbc3 Nxc3 15. bxc3 Qe7 16. f4 Rd8 17. Nd4 Bd7 18. Kh2 Rac8 19. Bxd5 Bxh3 20. Kxh3 Qd7+ 21. Qg4 Qxg4+ 22. Kxg4 Rxd5 23. Nf5 Kf8 24. Nd6 Rc7 25. c4 Rd3 26. Rfd1 Rxd1 27. Rxd1 b6 28. Ra1 Rc6 1/2-1/2

[Event "Kirov Shakhov Memorial 6th"]
[Site "Kirov"]
[Date "2013.12.22"]
[Round "4"]
[White "Vlasenko, Miroslav"]
[Black "Bikuzhin, Maksim"]
[Result "1/2-1/2"]
[WhiteElo "2422"]
[BlackElo "2199"]
[PlyCount "38"]
[EventDate "2013.12.20"]
[EventType "tourn"]
[EventRounds "9"]
[EventCountry "RUS"]
[EventCategory "1"]
[SourceTitle "CBM 158 Extra"]
[Source "ChessBase"]
[SourceDate "2014.02.28"]
[SourceVersion "1"]
[SourceVersionDate "2014.02.28"]
[SourceQuality "1"]

1. d4 Nf6 2. c4 d6 3. Nc3 Nbd7 4. e4 e5 5. Nge2 Be7 6. d5 Nc5 7. Ng3 a5 8. Be2 0-0 9. Be3 c6 10. dxc6 bxc6 11. Bxc5 dxc5 12. Na4 Qc7 13. 0-0 Rb8 14. Qc2 g6 15. Rfe1 Ne8 16. Bf1 Ng7 17. Ne2 Ne6 18. Nc1 f5 19. exf5 gxf5 1/2-1/2

[Event "Kirov Shakhov Memorial 6th"]
[Site "Kirov"]
[Date "2013.12.20"]
[Round "1"]
[White "Rakhmangulov, Andrei"]
[Black "Bikuzhin, Maksim"]
[Result "1/2-1/2"]
[WhiteElo "2373"]
[BlackElo "2199"]
[PlyCount "45"]
[EventDate "2013.12.20"]
[EventType "tourn"]
[EventRounds "9"]
[EventCountry "RUS"]
[EventCategory "1"]
[SourceTitle "CBM 158 Extra"]
[Source "ChessBase"]
[SourceDate "2014.02.28"]
[SourceVersion "1"]
[SourceVersionDate "2014.02.28"]
[SourceQuality "1"]

1. d4 Nf6 2. Bg5 d6 3. Nc3 Nbd7 4. e4 e5 5. Nf3 Be7 6. Bc4 0-0 7. 0-0 h6 8. Bh4 c6 9. a4 Nh5 10. Bxe7 Qxe7 11. Re1 a5 12. g3 Nb6 13. Bf1 Bg4 14. h3 Bxf3 15. Qxf3 exd4 16. Qxh5 dxc3 17. b3 Qg5 18. Qxg5 hxg5 19. Rad1 Rad8 20. Rd3 Rfe8 21. Rxc3 Nd7 22. Rce3 Kf8 23. Bg2 1/2-1/2

[Event "Kostroma Volga Cup op"]
[Site "Kostroma"]
[Date "2010.07.??"]
[Round "7"]
[White "Krylov, Ivan"]
[Black "Bikuzhin, Maksim"]
[Result "0-1"]
[WhiteElo "2004"]
[BlackElo "2164"]
[PlyCount "76"]
[EventDate "2010.07.??"]
[EventType "swiss"]
[EventRounds "9"]
[EventCountry "RUS"]
[SourceTitle "EXT 2011"]
[Source "ChessBase"]
[SourceDate "2010.11.26"]
[SourceVersion "1"]
[SourceVersionDate "2010.11.26"]
[SourceQuality "1"]

1. c4 Nf6 2. Nc3 c5 3. g3 e6 4. Bg2 d5 5. d3 Be7 6. Bg5 d4 7. Bxf6 gxf6 8. Ne4 Nc6 9. Nf3 b6 10. Nxd4 cxd4 11. Nxf6+ Bxf6 12. Bxc6+ Bd7 13. Bxa8 Qxa8 14. Rg1 Qc6 15. b4 e5 16. Qc2 e4 17. 0-0-0 Be6 18. b5 Qc5 19. f3 exd3 20. exd3 0-0 21. Kb2 Be7 22. Rge1 a6 23. bxa6 b5 24. cxb5 Qxb5+ 25. Ka1 Bb4 26. Rb1 Qa5 27. Rxb4 Qxb4 28. Rb1 Qa5 29. Rb2 Qxa6 30. g4 Qa5 31. f4 Rc8 32. Qd1 Bd5 33. f5 Re8 34. f6 h6 35. Qc2 Bxa2 36. Qd2 Re1+ 37. Qxe1 Qxe1+ 38. Kxa2 Qf1 0-1

[Event "Kostroma Volga Cup op"]
[Site "Kostroma"]
[Date "2010.07.??"]
[Round "3"]
[White "Pak, Alexander"]
[Black "Bikuzhin, Maksim"]
[Result "1/2-1/2"]
[WhiteElo "1944"]
[BlackElo "2164"]
[PlyCount "197"]
[EventDate "2010.07.??"]
[EventType "swiss"]
[EventRounds "9"]
[EventCountry "RUS"]
[SourceTitle "EXT 2011"]
[Source "ChessBase"]
[SourceDate "2010.11.26"]
[SourceVersion "1"]
[SourceVersionDate "2010.11.26"]
[SourceQuality "1"]

1. d4 Nf6 2. c4 e5 3. dxe5 Ne4 4. Nf3 b6 5. Nbd2 Bb7 6. e3 Qe7 7. Bd3 Nc5 8. Bc2 Nc6 9. 0-0 Nxe5 10. Nxe5 Qxe5 11. Nf3 Qh5 12. b4 Bd6 13. h3 Ne4 14. Qd4 Nf6 15. e4 Bxb4 16. e5 Bxf3 17. exf6 Bc5 18. Qc3 Be2 19. g4 Bxg4 20. Re1+ Be6 21. fxg7 Rg8 22. Be4 0-0-0 23. Bg2 d5 24. Bf4 dxc4 25. Re5 Bd4 26. Qxd4 Rxd4 27. Rxh5 Rxf4 28. Rxh7 Rd4 29. h4 Rg4 30. Kh2 R4xg7 31. Rxg7 Rxg7 32. Bh3 Kd7 33. a4 Kd6 34. Bxe6 fxe6 35. Kh3 Kc5 36. h5 c3 37. Kh4 Kc4 38. h6 Rf7 39. Rf1 c2 40. Kg5 Rxf2 41. Rxf2 c1Q+ 42. Rf4+ Kd5 43. h7 e5 44. h8Q Qxf4+ 45. Kg6 Qg4+ 46. Kf6 Qe6+ 47. Kg5 Qe7+ 48. Kg4 Qd7+ 49. Kg5 Qxa4 50. Qd8+ Ke4 51. Qxc7 b5 52. Qc6+ Kd4 53. Qd6+ Ke4 54. Qc6+ Kd4 55. Qd6+ Kc4 56. Qxe5 Qb4 57. Qe4+ Kc5 58. Qe7+ Kc4 59. Qe4+ Kb3 60. Qb1+ Ka4 61. Qd1+ Qb3 62. Qa1+ Kb4 63. Qxa7 Kc4 64. Kg6 Kc3 65. Qg7+ Kc2 66. Qa7 b4 67. Qf2+ Kc3 68. Qe3+ Kb2 69. Qe5+ Qc3 70. Qb8 b3 71. Qb7 Qd4 72. Qa8 Kc2 73. Qc6+ Qc3 74. Qg2+ Qd2 75. Qc6+ Kb1 76. Kf7 Qf4+ 77. Kg8 b2 78. Qh1+ Kc2 79. Qc6+ Kb3 80. Qb7+ Kc3 81. Qg7+ Qd4 82. Qg3+ Qd3 83. Qg7+ Qd4 84. Qg3+ Kc4 85. Qc7+ Kd5 86. Qd7+ Kc5 87. Qa7+ Kc4 88. Qc7+ Kb5 89. Qb8+ Qb6 90. Qe8+ Kc4 91. Qe4+ Qd4 92. Qc6+ Qc5 93. Qe4+ Kb3 94. Qd3+ Ka2 95. Qe2 Qd5+ 96. Kf8 Qd6+ 97. Kg8 Ka1 98. Qf1+ b1Q 99. Qf6+ 1/2-1/2

[Event "Nabereznye Chelny op 8th"]
[Site "Nabereznye Chelny"]
[Date "2010.01.24"]
[Round "6"]
[White "Bikuzhin, Maksim"]
[Black "Korchashkin, Dmitry"]
[Result "1-0"]
[WhiteElo "2218"]
[BlackElo "2002"]
[PlyCount "85"]
[EventDate "2010.01.19"]
[EventType "swiss"]
[EventRounds "9"]
[EventCountry "RUS"]
[SourceTitle "CBM 134 Extra"]
[Source "ChessBase"]
[SourceDate "2010.03.03"]
[SourceVersion "1"]
[SourceVersionDate "2010.03.03"]
[SourceQuality "1"]

1. e4 e6 2. d4 d5 3. Nc3 dxe4 4. Nxe4 Nf6 5. Nxf6+ Qxf6 6. Nf3 h6 7. Bd3 Bd6 8. 0-0 0-0 9. Qe2 Nc6 10. Qe4 Qf5 11. Qxf5 exf5 12. c3 Re8 13. Nd2 Be6 14. Nc4 Be7 15. Ne3 f4 16. Nf5 Bg5 17. h4 Bxf5 18. Bxf5 Bxh4 19. Bxf4 Re7 20. Rfe1 Rae8 21. Kf1 Kf8 22. Bh3 Bg5 23. Bg3 Na5 24. Rxe7 Rxe7 25. Re1 Nc4 26. Rxe7 Kxe7 27. Bxc7 Nxb2 28. Ke2 Nc4 29. a4 Nd6 30. Kd3 g6 31. c4 f5 32. f3 h5 33. Bb8 a6 34. c5 Ne8 35. g4 fxg4 36. fxg4 h4 37. Bg2 Nf6 38. Bxb7 Nxg4 39. c6 Nf2+ 40. Ke2 Ne4 41. c7 Nd6 42. c8Q Nxc8 43. Bxc8 1-0

[Event "Nabereznye Chelny op 8th"]
[Site "Nabereznye Chelny"]
[Date "2010.01.21"]
[Round "3"]
[White "Kalegin, Evgenij"]
[Black "Bikuzhin, Maksim"]
[Result "1-0"]
[WhiteElo "2462"]
[BlackElo "2218"]
[PlyCount "45"]
[EventDate "2010.01.19"]
[EventType "swiss"]
[EventRounds "9"]
[EventCountry "RUS"]
[SourceTitle "CBM 134 Extra"]
[Source "ChessBase"]
[SourceDate "2010.03.03"]
[SourceVersion "1"]
[SourceVersionDate "2010.03.03"]
[SourceQuality "1"]

1. e4 g6 2. d4 Bg7 3. c3 d5 4. e5 c5 5. Nf3 cxd4 6. cxd4 Nc6 7. Bb5 Nh6 8. 0-0 0-0 9. Bxc6 bxc6 10. Nbd2 f6 11. Re1 fxe5 12. dxe5 Qb6 13. h3 Nf7 14. Nb3 c5 15. Qxd5 Bb7 16. Qc4 Kh8 17. Nbd2 Rad8 18. Qh4 Bd5 19. Ne4 Qc6 20. Nfg5 Nxg5 21. Bxg5 Bxe5 22. Nxc5 h5 23. Rxe5 1-0

[Event "Nabereznye Chelny op 8th"]
[Site "Nabereznye Chelny"]
[Date "2010.01.20"]
[Round "2"]
[White "Bikuzhin, Maksim"]
[Black "Afanasiev, Dmitry"]
[Result "1-0"]
[WhiteElo "2218"]
[BlackElo "1995"]
[PlyCount "135"]
[EventDate "2010.01.19"]
[EventType "swiss"]
[EventRounds "9"]
[EventCountry "RUS"]
[SourceTitle "CBM 134 Extra"]
[Source "ChessBase"]
[SourceDate "2010.03.03"]
[SourceVersion "1"]
[SourceVersionDate "2010.03.03"]
[SourceQuality "1"]

1. e4 c5 2. Nf3 e6 3. d3 Nc6 4. Nbd2 g6 5. g3 Bg7 6. Bg2 Nge7 7. 0-0 0-0 8. Re1 d6 9. a4 Qc7 10. Nc4 h6 11. c3 Ne5 12. Nfxe5 dxe5 13. f4 exf4 14. gxf4 b6 15. f5 exf5 16. exf5 Bxf5 17. Bxa8 Rxa8 18. Qf3 Qc6 19. Qxc6 Nxc6 20. Bf4 Bxd3 21. Ne5 Nxe5 22. Bxe5 Bxe5 23. Rxe5 a5 24. Kf2 Bc2 25. Rd5 Kf8 26. Kf3 Bb3 27. Rd6 Rb8 28. Kf4 Ke7 29. Ke5 Rb7 30. h4 h5 31. Rf1 Be6 32. Rf2 Rb8 33. Rf4 c4 34. Rc6 b5 35. Rc7+ Kd8 36. Ra7 bxa4 37. Rd4+ Ke8 38. Kf6 Rc8 39. Rd6 Rb8 40. Rxa5 Rd8 41. Rxd8+ Kxd8 42. Ra7 Ke8 43. Rc7 Bd5 44. Ra7 Be6 45. Rxa4 Kd7 46. Ra6 Bd5 47. Ke5 Be6 48. Rb6 Kc7 49. Rd6 Kb7 50. Kd4 Kc7 51. Kc5 Kb7 52. Rc6 Bd7 53. Rb6+ Kc7 54. Ra6 Kb7 55. Ra5 Be6 56. Kd6 Kb6 57. Rc5 Kb7 58. Rb5+ Ka6 59. Kc5 Ka7 60. Kc6 Ka6 61. Rb8 Ka7 62. Rf8 Bf5 63. Rxf7+ Ka6 64. Kc5 Bd3 65. Rg7 Be2 66. Rxg6+ Kb7 67. Re6 Bf1 68. Re5 1-0

[Event "Kostroma Volga Cup op"]
[Site "Kostroma"]
[Date "2009.07.??"]
[Round "6"]
[White "Bikuzhin, Maksim"]
[Black "Mandrikov, Sergey"]
[Result "0-1"]
[WhiteElo "2209"]
[BlackElo "2053"]
[PlyCount "70"]
[EventDate "2009.07.03"]
[EventType "swiss"]
[EventRounds "9"]
[EventCountry "RUS"]
[SourceTitle "EXT 2021"]
[Source "ChessBase"]
[SourceDate "2020.10.23"]
[SourceVersion "1"]
[SourceVersionDate "2020.10.23"]
[SourceQuality "1"]

1. b3 Nf6 2. Bb2 d5 3. Nf3 Nbd7 4. e3 e6 5. Be2 Bd6 6. c4 c6 7. cxd5 cxd5 8. 0-0 0-0 9. Nc3 a6 10. d4 b5 11. Bd3 Bb7 12. Nd2 Nb6 13. Ne2 b4 14. a4 a5 15. Ng3 Ba6 16. Qe2 Bxd3 17. Qxd3 Bxg3 18. fxg3 Nc8 19. e4 dxe4 20. Nxe4 Nxe4 21. Qxe4 Ne7 22. Rac1 Nd5 23. Rc5 Qg5 24. Bc1 Qg6 25. Qxg6 hxg6 26. Bb2 Rfd8 27. Rfc1 Nf6 28. Rb5 Ne4 29. Rc2 Rac8 30. Re2 Rxd4 31. h4 Nxg3 32. Re3 Rd1+ 33. Kf2 Nf5 34. Re2 Rd3 35. Rxa5 Ng3 0-1

[Event "Kostroma Volga Cup op"]
[Site "Kostroma"]
[Date "2009.07.??"]
[Round "4"]
[White "Bikuzhin, Maksim"]
[Black "Rodchenkov, Vitaly"]
[Result "1/2-1/2"]
[WhiteElo "2209"]
[BlackElo "2377"]
[PlyCount "124"]
[EventDate "2009.07.03"]
[EventType "swiss"]
[EventRounds "9"]
[EventCountry "RUS"]
[SourceTitle "EXT 2021"]
[Source "ChessBase"]
[SourceDate "2020.10.23"]
[SourceVersion "1"]
[SourceVersionDate "2020.10.23"]
[SourceQuality "1"]

1. e4 c5 2. Nf3 Qb6 3. Nc3 e6 4. d4 cxd4 5. Qxd4 Qxd4 6. Nxd4 d6 7. Ndb5 Kd7 8. Bf4 e5 9. Be3 b6 10. Bc4 Nf6 11. Bxf7 Bb7 12. Nd5 Bxd5 13. exd5 Na6 14. Be6+ Ke7 15. c4 Nc5 16. Bf5 g6 17. Bc2 a6 18. Nc3 h5 19. 0-0 Kf7 20. f4 exf4 21. Bxf4 Kg7 22. Rae1 Rc8 23. Bg5 Nh7 24. Be3 Nd7 25. Bd4+ Ne5 26. Rxe5 dxe5 27. Bxe5+ Kh6 28. Bxh8 Bc5+ 29. Kh1 Rxh8 30. Ne4 Bd4 31. b4 Rc8 32. Bd3 Ng5 33. Nxg5 Kxg5 34. Re1 Rf8 35. h4+ Kg4 36. Re4+ Rf4 37. Rxf4+ Kxf4 38. Bxg6 Kg4 39. Bd3 Kxh4 40. c5 bxc5 41. bxc5 a5 42. c6 Be5 43. Be2 Kg5 44. Kg1 h4 45. Kf2 Kf6 46. Ke3 Ke7 47. Kd3 Bc7 48. Ke4 Kd6 49. Bf3 Bd8 50. Kf5 Bc7 51. Kf6 Bd8+ 52. Kf7 Bg5 53. Ke8 Bh6 54. Bg4 Bg5 55. Be6 Bf6 56. Kf7 Bg5 57. Kg6 Bd8 58. Kf5 Bc7 59. Ke4 Kc5 60. Kd3 Bd8 61. Kc3 Bc7 62. Kb3 Bd8 1/2-1/2

[Event "Kostroma Volga Cup op"]
[Site "Kostroma"]
[Date "2009.07.??"]
[Round "8"]
[White "Bikuzhin, Maksim"]
[Black "Tsygankov, Alexander"]
[Result "1-0"]
[WhiteElo "2209"]
[BlackElo "2024"]
[PlyCount "51"]
[EventDate "2009.07.03"]
[EventType "swiss"]
[EventRounds "9"]
[EventCountry "RUS"]
[SourceTitle "EXT 2021"]
[Source "ChessBase"]
[SourceDate "2020.10.23"]
[SourceVersion "1"]
[SourceVersionDate "2020.10.23"]
[SourceQuality "1"]

1. e4 e6 2. d4 d5 3. Nc3 Nf6 4. Bg5 Be7 5. e5 Nfd7 6. h4 h6 7. Bxe7 Qxe7 8. f4 a6 9. Qg4 f5 10. Qh5+ Qf7 11. Qxf7+ Kxf7 12. h5 c5 13. Nf3 Nc6 14. 0-0-0 cxd4 15. Nxd4 Nxd4 16. Rxd4 g5 17. hxg6+ Kxg6 18. g4 fxg4 19. Be2 Nb6 20. Bxg4 Nc4 21. Bh5+ Kh7 22. Rd3 Bd7 23. Ne4 Bc6 24. Nf6+ Kg7 25. Rg3+ Kf8 26. Rhg1 1-0

[Event "Kostroma Volga Cup op"]
[Site "Kostroma"]
[Date "2009.07.??"]
[Round "1"]
[White "Safaryan, Mikhail"]
[Black "Bikuzhin, Maksim"]
[Result "0-1"]
[WhiteElo "1910"]
[BlackElo "2209"]
[PlyCount "94"]
[EventDate "2009.07.03"]
[EventType "swiss"]
[EventRounds "9"]
[EventCountry "RUS"]
[SourceTitle "EXT 2021"]
[Source "ChessBase"]
[SourceDate "2020.10.23"]
[SourceVersion "1"]
[SourceVersionDate "2020.10.23"]
[SourceQuality "1"]

1. e4 c5 2. Nf3 Nf6 3. Nc3 d5 4. exd5 Nxd5 5. Ne4 e6 6. d4 cxd4 7. Qxd4 Nc6 8. Bb5 Qa5+ 9. Nc3 Qxb5 10. Nxb5 Nxd4 11. Nbxd4 Bd7 12. Bd2 Bd6 13. 0-0 0-0 14. c4 Nf6 15. b4 Ne4 16. c5 Nxd2 17. Nxd2 Be7 18. Nc4 Rfd8 19. Rad1 Ba4 20. Rd2 Rd5 21. Nb2 Be8 22. Rfd1 Rad8 23. Nf3 b6 24. cxb6 axb6 25. a3 Rxd2 26. Rxd2 Rxd2 27. Nxd2 f6 28. Nbc4 b5 29. Ne3 Kf7 30. Kf1 e5 31. Nd5 Bc6 32. Nxe7 Kxe7 33. f3 f5 34. Ke2 g5 35. Kd3 h5 36. h3 h4 37. Ke3 Ke6 38. Kd3 Kd5 39. Ke3 Be8 40. Kd3 Bg6 41. Kc3 f4 42. Kb3 e4 43. fxe4+ Bxe4 44. Nxe4 Kxe4 45. a4 bxa4+ 46. Kxa4 g4 47. b5 gxh3 0-1

[Event "Moscow op-B"]
[Site "Moscow"]
[Date "2009.02.08"]
[Round "9"]
[White "Bikuzhin, Maksim"]
[Black "Khachatryan, Vahagn"]
[Result "1-0"]
[WhiteElo "2145"]
[BlackElo "2283"]
[PlyCount "55"]
[EventDate "2009.01.31"]
[EventType "swiss"]
[EventRounds "9"]
[EventCountry "RUS"]
[SourceTitle "EXT 2012"]
[Source "ChessBase"]
[SourceDate "2011.11.24"]
[SourceVersion "1"]
[SourceVersionDate "2011.11.24"]
[SourceQuality "1"]

1. b3 e5 2. Bb2 Nc6 3. e3 Nf6 4. c4 d5 5. cxd5 Nxd5 6. a3 Be7 7. Qc2 0-0 8. Nf3 Bf6 9. d3 Bg4 10. Nbd2 Qe7 11. Be2 Rad8 12. 0-0 g6 13. b4 a6 14. Ne4 Bg7 15. Nc5 Bc8 16. Nxa6 f5 17. Nc5 f4 18. b5 Na5 19. e4 Nb6 20. Qc3 Bg4 21. a4 Bxf3 22. Bxf3 Rfe8 23. Ba3 Ra8 24. Nxb7 Qh4 25. Nxa5 g5 26. g3 Qh3 27. Bg2 Qh6 28. f3 1-0